000 00657nam a2200241Ia 4500
005 20260430150705.0
008 008 250103s9999 xx 000 0 eng d
037 _aTheses
040 _aCRL
040 _beng
040 _ceng
041 _2eng
041 _aeng
084 _qCRL
100 _aTelila Solomon Tesfaye Au.; Kapoor Rashmi Gu.
_91238223
245 0 _aAfrican Solutions for Conflict and Refugee Crisis in Horn of Africa
260 _c2024
300 _a240p.
650 _aAfrican Literature
700 _aUniversity of Delhi. Faculty of Social Science. Deptt. of African Studies
942 _cTH
999 _c1850399
_d1850399